000 00872nam a2200265Ia 4500
003 GCL
008 140319s9999 xx 000 0 ara d
040 _aGCL /
_cGCL
082 0 4 _a811.4
_bا ش
100 1 _aالعربى حسن درويش
245 1 0 _aالشعراء المحدثون فى العصر العباسى /
_cالعربى حسن درويش
260 _a[S.N] :
_bالهيئة المصرية العامة للكتاب ،
_c1989
300 _a334 ص
490 _a
650 0 4 _aالشعر العربى
650 0 4 _aالادب العربى
650 0 4 _aتاريخ
650 0 4 _aابونواس، الحسن بن هانى
650 0 4 _aابوتمام، حبيب بن اوس الطائى
650 0 4 _aابن الرومى
650 0 4 _aابن المعتز
650 0 4 _aبشار بن برد
650 0 4 _aالمجموعات
942 _2ddc
_cBK
999 _c28336
_d28336